International business : (Record no. 17734)
[ view plain ]
| 000 -LEADER | |
|---|---|
| fixed length control field | 01085aam a2200301 a 4500 |
| 001 - CONTROL NUMBER | |
| control field | 013662103 |
| 003 - CONTROL NUMBER IDENTIFIER | |
| control field | OSt |
| 005 - DATE AND TIME OF LATEST TRANSACTION | |
| control field | 20201128021002.0 |
| 008 - FIXED-LENGTH DATA ELEMENTS--GENERAL INFORMATION | |
| fixed length control field | 061030t2007 ne a frb 001 0 eng d |
| 020 ## - INTERNATIONAL STANDARD BOOK NUMBER | |
| International Standard Book Number | 9780750679831 |
| 020 ## - INTERNATIONAL STANDARD BOOK NUMBER | |
| International Standard Book Number | 0750679832 |
| 040 ## - CATALOGING SOURCE | |
| Original cataloging agency | EG-ScBUE |
| Language of cataloging | eng |
| Transcribing agency | EG-ScBUE |
| Modifying agency | EG-ScBUE |
| 082 04 - DEWEY DECIMAL CLASSIFICATION NUMBER | |
| Classification number | 338.88 |
| Edition number | 22 |
| Item number | KAT |
| 100 1# - MAIN ENTRY--PERSONAL NAME | |
| 9 (RLIN) | 34370 |
| Personal name | Katsioloudes, Marios I. |
| 245 10 - TITLE STATEMENT | |
| Title | International business : |
| Remainder of title | a global perspective / |
| Statement of responsibility, etc | Marios I. Katsioloudes and Spyros Hadjidakis. |
| 260 ## - PUBLICATION, DISTRIBUTION, ETC. (IMPRINT) | |
| Place of publication, distribution, etc | Burlington ; |
| -- | Oxford : |
| Name of publisher, distributor, etc | Butterworth-Heinemann / Elsevier, |
| Date of publication, distribution, etc | c.2007. |
| 300 ## - PHYSICAL DESCRIPTION | |
| Extent | xv, 705 p. : |
| Other physical details | ill. ; |
| Dimensions | 26 cm. |
| 500 ## - GENERAL NOTE | |
| General note | Index : p. 693-705. |
| 504 ## - BIBLIOGRAPHY, ETC. NOTE | |
| Bibliography, etc | Includes bibliographical references. |
| 650 #7 - SUBJECT ADDED ENTRY--TOPICAL TERM | |
| Topical term or geographic name as entry element | International trade. |
| 9 (RLIN) | 4508 |
| Source of heading or term | BUEsh |
| 650 #7 - SUBJECT ADDED ENTRY--TOPICAL TERM | |
| Topical term or geographic name as entry element | International business enterprises. |
| 9 (RLIN) | 1592 |
| Source of heading or term | BUEsh |
| 650 #7 - SUBJECT ADDED ENTRY--TOPICAL TERM | |
| Topical term or geographic name as entry element | International finance. |
| 9 (RLIN) | 1619 |
| Source of heading or term | BUEsh |
| 650 #7 - SUBJECT ADDED ENTRY--TOPICAL TERM | |
| Topical term or geographic name as entry element | Globalization |
| General subdivision | Economic aspects. |
| 9 (RLIN) | 3901 |
| Source of heading or term | BUEsh |
| 651 ## - SUBJECT ADDED ENTRY--GEOGRAPHIC NAME | |
| Source of heading or term | BUEsh |
| 653 ## - INDEX TERM--UNCONTROLLED | |
| Resource For college | BAEPS, Business Administration |
| Arrived date list | November2013 |
| -- | December2013 |
| -- | November2016 |
| 700 1# - ADDED ENTRY--PERSONAL NAME | |
| Personal name | Hadjidakis, Spyros. |
| 9 (RLIN) | 34375 |
| 942 ## - ADDED ENTRY ELEMENTS (KOHA) | |
| Source of classification or shelving scheme | Dewey Decimal Classification |
| Item type | Book - Borrowing |
| Call number prefix | 338.88 KAT |
| Withdrawn status | Item status | Source of classification or shelving scheme | Damaged status | Not for loan | Vendor | Home library | Current library | Shelving location | Date acquired | Source of acquisition | Total Checkouts | Total Renewals | Full call number | Barcode | Date last seen | Date last borrowed | Koha item type | Cost, normal purchase price | Cost, replacement price |
|---|---|---|---|---|---|---|---|---|---|---|---|---|---|---|---|---|---|---|---|
| Dewey Decimal Classification | Baccah | Central Library | Central Library | First floor | 03/11/2013 | 1 | 9 | 338.88 KAT | 000035008 | 15/07/2025 | 09/11/2015 | Book - Borrowing | |||||||
| Lost and Paid For | Dewey Decimal Classification | Baccah | Central Library | Central Library | First floor | 03/11/2013 | 2 | 1 | 338.88 KAT | 000035009 | 18/02/2015 | 18/02/2015 | Book - Borrowing | 171.00 | 213.75 | ||||
| Dewey Decimal Classification | Baccah | Central Library | Central Library | First floor | 03/12/2013 | 338.88 KAT | 000029654 | 15/07/2025 | NB - Book (Non borrowing) | ||||||||||
| Dewey Decimal Classification | Baccah | Central Library | Central Library | First floor | 08/11/2016 | Purchase | 2 | 7 | 338.88 KAT | 000034713 | 15/07/2025 | 01/10/2018 | Book - Borrowing | 320.00 | |||||
| Dewey Decimal Classification | Baccah | Central Library | Central Library | First floor | 08/11/2016 | Purchase | 3 | 3 | 338.88 KAT | 000034714 | 15/07/2025 | 24/09/2019 | Book - Borrowing | 320.00 |